000 00616nam a22002057a 4500
003 UA-OsUOA
001 68425
007 ta
008 20100426b un ||||| |||| 00| 0 ukr d
090 _a94(477)
942 _cSA
040 _aUA-OsUOA
_bukr
_cUA-OsUOA
_dUA-OsUOA
245 _aДві пам'яті про одну війну. Степан Бандера очима російських і українських дослідників
300 _aС.10
955 _a0
041 _aukr
080 _a94(477)
773 0 _w68422
650 7 _a9 Географія. Біографії. Історія
_2UDC
999 _c354667
_d354667